000 00597nam a22001337a 4500
040 _cRUA
082 _aAVM NGO 2011 B098 Or.1
100 _aNGOV HOURMENG
245 _aVillage extension worker in stoung district, kompong thom province, (សេវាកម្មភ្នាក់ងារផ្សព្វផ្សាយភូមិនៅ ស្រុកស្ទោង ខេត្តកំពង់ធំ)
260 _aphnom penh
_brua
_c2011
300 _aix, 42p.
_bill.
_c29cm.
856 _uhttps://drive.google.com/file/d/1VAE6iAAvKRfbJbw6zA0_8ny3fmxTiRRk/view?usp=sharing
942 _cAVM
999 _c2490
_d2490